訪問数の多いウェブサイト - Statistics

General Stats
  • This quiz has been taken 1,434 times
  • The average score is 12 of 50
Answer Stats
Rank Answer Hint % Correct
27 goo .ne.jp
96%
1 google .com
96%
10 google .co.jp
96%
2 yahoo .jp
95%
4 youtube .com
68%
5 twitter .com
62%
7 amazon .co.jp
59%
13 instagram .com
56%
25 facebook .com
53%
9 wikipedia .org
47%
8 rakuten .co.jp
35%
41 pornhub .com
34%
6 news .yahoo.co.jp
32%
46 news .livedoor.com
32%
20 line .me
29%
3 docomo .ne.jp
24%
14 livedoor .jp
22%
33 livedoor .com
22%
39 weather .yahoo.co.jp
22%
44 xvideos .com
20%
12 pixiv .net
19%
15 dmm .co.jp
17%
37 5ch .net
15%
18 nicovideo .jp
15%
35 nhk .or.jp
14%
11 fc2 .com
12%
32 tenki .jp
12%
19 blog .jp
11%
36 mercari .com
11%
38 shopping .yahoo.co.jp
11%
45 sports .yahoo.co.jp
9%
43 cookpad .com
7%
24 note .com
7%
29 tabelog .com
7%
40 kakaku .com
6%
17 ameblo .jp
4%
48 hatenablog .com
4%
42 hotpepper .jp
3%
34 game8 .jp
2%
22 gamewith .jp
2%
50 netkeiba .com
2%
21 openai .com
2%
16 syosetu .com
2%
23 auone .jp
1%
47 bunshun .jp
1%
28 cityheaven .net
1%
31 cmoa .jp
1%
49 impress .co.jp
1%
30 itmedia .co.jp
1%
26 trilltrill .jp
0%
No matching quizzes found
Score Distribution
Percent of People with Each Score
Percentile by Number Answered
Your Score History
You have not taken this quiz